000 00352nam a2200133Ia 4500
008 220217s9999||||xx |||||||||||||| ||und||
020 _a81-7835-313-X
082 _a410 RAJ
100 _aRajaiah, B
_95474
245 0 _aThought provoking quotations
260 _aKalpaz publications
_bNew Delhi
_c2007
300 _b690
650 _aGENERAL BOOKS
999 _c176460
_d176460